Harry Styles - To be so lonely (All lyrics) - Statistics

General Stats
  • This quiz has been taken 672 times
  • The average score is 230 of 260
Answer Stats
Answer % Correct
a
98%
I
98%
so
98%
be
97%
Do
97%
me
97%
Chorus | Verse 1 Don't
96%
just
96%
lonely
96%
to
96%
[Post-Chorus To
96%
call
95%
Pre-Chorus You
95%
you
95%
an
93%
baby
93%
for
93%
your
92%
can't
91%
bit
90%
I'm
90%
it
90%
little
90%
of
90%
bitch
89%
blame
89%
go
89%
son
89%
was
89%
when
89%
again
87%
arrogant
87%
boy
87%
got
87%
sorry
87%
Who
87%
falling
86%
reasons
86%
the
85%
admit
84%
And
84%
he's
84%
it's
84%
know
84%
Not
81%
that
80%
even
79%
home
79%
you're
79%
darling
78%
drunk
78%
in
78%
friends
75%
hard
75%
mean
75%
all
74%
away
72%
ready
72%
Wasn't
72%
see
71%
think
71%
easy
69%
being
68%
jealous
68%
kind
68%
better
66%
hope
66%
light
63%
lips
61%
tryna
61%
miss
60%
is
57%
shape
55%
this
54%
'Cause
53%
caller
52%
trick
45%
win
43%
You'll
22%
No matching quizzes found
Score Distribution
Percent of People with Each Score
Percentile by Number Answered
Your Score History
You have not taken this quiz